All Rebzyyx songs - Statistics

General Stats
  • This quiz has been taken 47 times
  • The average score is 19 of 90
Answer Stats
Answer % Correct
all I want is you
94%
I'm so crazy for youuu </3
76%
skinny
70%
daydreaming
67%
Ur ghost is so pretty X_x
64%
I deserve this
61%
​jealousy
58%
I don’t remember
55%
painforever
55%
with you forever
52%
​calling for me
48%
I'm tired of this
48%
‎blackroses
45%
die stupid f*cking slut
45%
I hate my emotions
45%
you don't love me
45%
fml u f*cked me up
42%
its all about you
42%
hor*y club party
39%
no more
36%
restoration of the neglected
36%
SLASHER
36%
ANGEL
33%
​nothing last 4ever
33%
‎at the party!
30%
Murder Scene
30%
Ritual (Snippet)
30%
Dopamine//serotonin
27%
I cant sleep 2nite
27%
​i dnt want u
27%
​i want u 4ever
27%
song *bye cruel world cypher*
27%
makes you happy
24%
​crash again
21%
GOTH FEST
21%
fun
18%
graveyard orgy massacre
18%
sPIT n uR fACE!!!
18%
aboutyou
15%
do you like it
15%
I don’t want to lose you
15%
die w me
12%
Everywhere u go
12%
​hellokitty
12%
I Heart Slutz 333
12%
​its over
12%
molly
12%
Partying
12%
Right Next 2 U
12%
scene love story
12%
​sorry about the mess
12%
2009
9%
​bedroom
9%
caught my eyes
9%
​d3adw1nter
9%
function
9%
​issues
9%
‎liar
9%
​online girlfriend
9%
remember when you saw me
9%
‎rotting
9%
Bathroom floor
6%
can you hear me
6%
Hold me down
6%
I’m back
6%
IN MY HEAD
6%
I want ur kisses 0_o
6%
LAX
6%
Scene Slut
6%
annoying
3%
cute song
3%
‎flaunt u ;3
3%
haha
3%
Hmu
3%
I dont wanna talk to u xP
3%
​just dance
3%
KLUTZZ
3%
Matching Kandi Bracelets
3%
​menijenajteže :(
3%
Pink Funeral ˂333
3%
Recess crush
3%
she dont care
3%
slit my wrist
3%
strawberry drink!
3%
Suicidal
3%
threw up in the club
3%
Turnin Up !!
3%
Used 2 think i rlly liked u :\
3%
wannaVCmaybe?
3%
whisper :3
3%
No matching quizzes found
Score Distribution
Percent of People with Each Score
Percentile by Number Answered
Your Score History
You have not taken this quiz